|
|
|
|
| LEADER |
01405nam a2200325 a 4500 |
| 001 |
1304537 |
| 003 |
BD-DhAAL |
| 005 |
20250417100037.0 |
| 008 |
091010s2008 xnaa b 001 0 eng d |
| 020 |
|
|
|a 9781741751024
|
| 020 |
|
|
|a 1741751020
|
| 040 |
|
|
|a DNLM
|c DNLM
|d BD-DhAAL
|
| 082 |
0 |
0 |
|a 363.80994
|
| 245 |
0 |
0 |
|a Public health nutrition :
|b from principles to practice /
|c edited by Mark Lawrence and Tony Worsley.
|
| 260 |
|
|
|a Crows Nest, NSW, Australia :
|b Allen & Unwin,
|c 2008.
|
| 300 |
|
|
|a xx, 492 pages :
|b illustrations ;
|c 24 cm.
|
| 504 |
|
|
|a Includes bibliographical references and index.
|
| 526 |
|
|
|x Salim khan
Sr. program Associate
James P. Grant School.
Course name and no. N/A
|
| 541 |
1 |
|
|a Karim International
|e 00018388
|
| 650 |
1 |
2 |
|a Public Health
|z Australia.
|9 57937
|
| 650 |
1 |
2 |
|a Nutrition Policy.
|
| 650 |
2 |
2 |
|a Dietetics.
|9 57938
|
| 650 |
2 |
2 |
|a Health Promotion.
|
| 650 |
2 |
2 |
|a Nutritional Physiological Phenomena.
|9 57939
|
| 700 |
1 |
|
|a Lawrence, Mark,
|c Dr.
|9 57940
|
| 700 |
1 |
|
|a Worsley, Tony.
|9 57941
|
| 852 |
4 |
|
|a Ayesha Abed Library
|j General Shelf.
|
| 942 |
|
|
|2 ddc
|c BK
|
| 999 |
|
|
|c 4386
|d 4386
|
| 952 |
|
|
|0 0
|1 0
|2 ddc
|4 0
|6 363_809940000000000_PUB_2008
|7 0
|9 4080
|a BRACUL
|b BRACUL
|c GEN
|d 2009-10-10
|e Karim International
|g 1250.00
|l 0
|o 363.80994 PUB
|p 3010018388
|r 2009-10-10
|t 1
|w 2009-10-10
|y BK
|x Requisitioned by Salim khan, Sr. program Associate, James P. Grant School. Course name and no. N/A
|